Statistics for Every Oscar-Nominated Supporting Actress (with films)

Click here to take the quiz!

General Stats

  • This quiz has been taken 1,396 times
    (255 since last reset)
  • The average score is 217 of 440

Answer Stats

YearFilmActress% Correct
1977Taxi DriverJodie Foster
90%
2024NyadJodie Foster
90%
2020BombshellMargot Robbie
89%
1980Kramer vs. KramerMeryl Streep
89%
1979The Deer HunterMeryl Streep
89%
2015Into the WoodsMeryl Streep
89%
2003AdaptationMeryl Streep
89%
2023Everything Everywhere All at OnceJamie Lee Curtis
87%
2002IrisKate Winslet
87%
1996Sense and SensibilityKate Winslet
87%
2016Steve JobsKate Winslet
87%
2017FencesViola Davis
87%
2009DoubtViola Davis
87%
2020Jojo RabbitScarlett Johansson
86%
2013Les MisérablesAnne Hathaway
85%
2007Notes on a ScandalCate Blanchett
85%
2008I'm Not ThereCate Blanchett
85%
2005The AviatorCate Blanchett
85%
1989The Accidental TouristGeena Davis
85%
2015BirdmanEmma Stone
84%
2019The FavouriteEmma Stone
84%
1993Husbands and WivesJudy Davis
84%
2004Cold MountainRenée Zellweger
84%
2009DoubtAmy Adams
83%
2011The FighterAmy Adams
83%
2013The MasterAmy Adams
83%
2006JunebugAmy Adams
83%
2019ViceAmy Adams
83%
2011The King's SpeechHelena Bonham Carter
83%
2014American HustleJennifer Lawrence
83%
2001ChocolatJudi Dench
83%
1999Shakespeare in LoveJudi Dench
83%
2022BelfastJudi Dench
83%
2006Brokeback MountainMichelle Williams
83%
2017Manchester by the SeaMichelle Williams
83%
2000Girl, InterruptedAngelina Jolie
82%
2003ChicagoCatherine Zeta-Jones
82%
2024OppenheimerEmily Blunt
81%
2020Marriage StoryLaura Dern
81%
2015WildLaura Dern
81%
2021The FatherOlivia Colman
81%
2009Vicky Christina BarcelonaPenélope Cruz
81%
2010NinePenélope Cruz
81%
1995Pulp FictionUma Thurman
81%
1959The Defiant OnesCara Williams
80%
1993My Cousin VinnyMarisa Tomei
80%
2002In the BedroomMarisa Tomei
80%
2009The WrestlerMarisa Tomei
80%
2017LionNicole Kidman
80%
1984The Big ChillGlenn Close
79%
1983The World According to GarpGlenn Close
79%
1985The NaturalGlenn Close
79%
2021Hillbilly ElegyGlenn Close
79%
2008AtonementSaoirse Ronan
79%
1991GhostWhoopi Goldberg
79%
1994In the Name of the FatherEmma Thompson
78%
2016The Hateful EightJennifer Jason Leigh
78%
1990Steel MagnoliasJulia Roberts
78%
2014August: Osage CountyJulia Roberts
78%
1979California SuiteMaggie Smith
78%
1987A Room with a ViewMaggie Smith
78%
2002Gosford ParkMaggie Smith
78%
1966OthelloMaggie Smith
78%
1998Boogie NightsJulianne Moore
77%
2003The HoursJulianne Moore
77%
2020Little WomenFlorence Pugh
76%
1961PsychoJanet Leigh
76%
2018The Shape of WaterOctavia Spencer
76%
2017Hidden FiguresOctavia Spencer
76%
2012The HelpOctavia Spencer
76%
2002A Beautiful MindJennifer Connelly
75%
2001Almost FamousKate Hudson
75%
2023Black Panther: Wakanda ForeverAngela Bassett
74%
1999Primary ColorsKathy Bates
74%
2020Richard JewellKathy Bates
74%
2003About SchmidtKathy Bates
74%
2015The Imitation GameKeira Knightley
74%
2005CloserNatalie Portman
74%
2006The Constant GardenerRachel Weisz
74%
2019The FavouriteRachel Weisz
74%
1961Elmer GantryShirley Jones
74%
2024BarbieAmerica Ferrera
73%
1994The PianoAnna Paquin
73%
1958The Bachelor PartyCarolyn Jones
73%
1982On Golden PondJane Fonda
73%
1960Imitation of LifeJuanita Moore
73%
2013LincolnSally Field
73%
1953Come Back, Little ShebaTerry Moore
73%
2007DreamgirlsJennifer Hudson
72%
1945Since You Went AwayJennifer Jones
72%
2012BridesmaidsMelissa McCarthy
72%
1986The Color PurpleOprah Winfrey
72%
1983TootsieJessica Lange
71%
1998L.A. ConfidentialKim Basinger
71%
2016SpotlightRachel McAdams
71%
1963Sweet Bird of YouthShirley Knight
71%
1961The Dark at the Top of the StairsShirley Knight
71%
1994The Age of InnocenceWinona Ryder
71%
2018I, TonyaAllison Janney
70%
2022The Power of the DogKirsten Dunst
70%
2008Michael ClaytonTilda Swinton
70%
1958Peyton PlaceHope Lange
69%
2000The Sixth SenseToni Collette
69%
2013The SessionsHelen Hunt
68%
1975Murder on the Orient ExpressIngrid Bergman
68%
1997The English PatientJuliette Binoche
68%
1980Starting OverCandice Bergen
67%
1984SilkwoodCher
67%
2012The HelpJessica Chastain
67%
201412 Years a SlaveLupita Nyong'o
67%
2015BoyhoodPatricia Arquette
67%
2001Almost FamousFrances McDormand
66%
2006North CountryFrances McDormand
66%
1989Mississippi BurningFrances McDormand
66%
1970Cactus FlowerGoldie Hawn
66%
1984The Year of Living DangerouslyLinda Hunt
66%
2010PreciousMo'Nique
65%
2003ChicagoQueen Latifah
65%
2016CarolRooney Mara
65%
2016The Danish GirlAlicia Vikander
64%
1990Enemies, A Love StoryAnjelica Huston
64%
1986Prizzi's HonorAnjelica Huston
64%
1995The Madness of King GeorgeHelen Mirren
64%
2002Gosford ParkHelen Mirren
64%
1989Dangerous LiaisonsMichelle Pfeiffer
64%
1998Good Will HuntingMinnie Driver
64%
1996Mighty AphroditeMira Sorvino
64%
2019If Beale Street Could TalkRegina King
64%
1991The GriftersAnnette Bening
63%
2004ThirteenHolly Hunter
63%
1994The FirmHolly Hunter
63%
2007Little Miss SunshineAbigail Breslin
62%
2013Silver Linings PlaybookJacki Weaver
62%
2011Animal KingdomJacki Weaver
62%
1974Paper MoonTatum O'Neal
62%
2022West Side StoryAriana DeBose
61%
1952A Streetcar Named DesireKim Hunter
61%
2005KinseyLaura Linney
61%
2004Mystic RiverMarcia Gay Harden
61%
2001PollockMarcia Gay Harden
61%
2017MoonlightNaomie Harris
61%
1962West Side StoryRita Moreno
61%
1989Working GirlSigourney Weaver
61%
2010Up in the AirAnna Kendrick
60%
1999Gods and MonstersLynn Redgrave
60%
2014Blue JasmineSally Hawkins
60%
1993Howards EndVanessa Redgrave
60%
1978JuliaVanessa Redgrave
60%
1972Who Is Harry Kellerman and Why Is He Saying Those Terrible Things About Me?Barbara Harris
59%
2001Billy ElliotJulie Walters
59%
2011The FighterMelissa Leo
59%
1940Gone with the WindOlivia de Havilland
59%
1995Tom & VivRosemary Harris
59%
1995Bullets over BroadwayDianne Wiest
58%
1990ParenthoodDianne Wiest
58%
1987Hannah and Her SistersDianne Wiest
58%
1956Rebel Without a CauseNatalie Wood
58%
1960The Diary of Anne FrankShelley Winters
58%
1973The Poseidon AdventureShelley Winters
58%
1966A Patch of BlueShelley Winters
58%
1985Swing ShiftChristine Lahti
57%
2024The HoldoversDa'Vine Joy Randolph
57%
1992Fried Green TomatoesJessica Tandy
57%
1988MoonstruckOlympia Dukakis
57%
1966The Sound of MusicPeggy Wood
57%
1973Pete 'n' TillieGeraldine Page
56%
1954HondoGeraldine Page
56%
1985The Pope of Greenwich VillageGeraldine Page
56%
1967You're a Big Boy NowGeraldine Page
56%
1992Cape FearJuliette Lewis
56%
2021MinariYoun Yuh-jung
56%
1968Guess Who's Coming to DinnerBeah Richards
55%
1972The Last Picture ShowEllen Burstyn
55%
1997The Mirror Has Two FacesLauren Bacall
55%
1940Gone with the WindHattie McDaniel
54%
2018Lady BirdLaurie Metcalf
54%
2010Crazy HeartMaggie Gyllenhaal
54%
1996NixonJoan Allen
53%
1997The CrucibleJoan Allen
53%
1989Working GirlJoan Cusack
53%
1998In & OutJoan Cusack
53%
1993DamageMiranda Richardson
53%
2023Everything Everywhere All at OnceStephanie Hsu
53%
1975The Godfather Part IITalia Shire
53%
1954MogamboGrace Kelly
52%
1962Judgment at NurembergJudy Garland
52%
2018MudboundMary J. Blige
52%
2010Up in the AirVera Farmiga
52%
2021MankAmanda Seyfried
51%
1971AirportHelen Hayes
51%
1952Detective StoryLee Grant
51%
1971The LandlordLee Grant
51%
1977Voyage of the DamnedLee Grant
51%
1976ShampooLee Grant
51%
1974The ExorcistLinda Blair
51%
1942The Little FoxesTeresa Wright
51%
1943Mrs. MiniverTeresa Wright
51%
2008Gone Baby GoneAmy Ryan
50%
1947The Razor's EdgeAnne Baxter
50%
1956MartyBetsy Blair
50%
2011True GritHailee Steinfeld
50%
2023The Banshees of InisherinKerry Condon
50%
1944Watch on the RhineLucile Watson
50%
1992The Fisher KingMercedes Ruehl
50%
2008American GangsterRuby Dee
50%
2009The Curious Case of Benjamin ButtonTaraji P. Henson
50%
1980Breaking AwayBarbara Barrie
49%
1999Little VoiceBrenda Blethyn
49%
1998TitanicGloria Stuart
49%
1991Dances with WolvesMary McDonnell
49%
1971AirportMaureen Stapleton
49%
1982RedsMaureen Stapleton
49%
1979InteriorsMaureen Stapleton
49%
1959LonelyheartsMaureen Stapleton
49%
1985A Passage to IndiaPeggy Ashcroft
49%
1981Melvin and HowardMary Steenburgen
48%
2000Being John MalkovichCatherine Keener
47%
2006CapoteCatherine Keener
47%
1950PinkyEthel Barrymore
47%
1948The Paradine CaseEthel Barrymore
47%
1947The Spiral StaircaseEthel Barrymore
47%
1945None but the Lonely HeartEthel Barrymore
47%
2012Albert NobbsJanet McTeer
47%
1968The GraduateKatharine Ross
47%
1963The Miracle WorkerPatty Duke
47%
1966Inside Daisy CloverRuth Gordon
47%
1969Rosemary's BabyRuth Gordon
47%
2005SidewaysVirginia Madsen
47%
1972The Last Picture ShowCloris Leachman
46%
1961The SundownersGlynis Johns
46%
2022The Lost DaughterJessie Buckley
46%
1956Pete Kelly's BluesPeggy Lee
46%
1967Who's Afraid of Virginia Woolf?Sandy Dennis
46%
1959Separate TablesWendy Hiller
46%
1967A Man for All SeasonsWendy Hiller
46%
2024The Color PurpleDanielle Brooks
45%
1955On the WaterfrontEva Marie Saint
45%
1977All the President's MenJane Alexander
45%
1980Kramer vs. KramerJane Alexander
45%
2014NebraskaJune Squibb
45%
1987Children of a Lesser GodPiper Laurie
45%
1977CarriePiper Laurie
45%
2000Sweet and LowdownSamantha Morton
45%
1963The Manchurian CandidateAngela Lansbury
44%
1945GaslightAngela Lansbury
44%
1946The Picture of Dorian GrayAngela Lansbury
44%
1974American GraffitiCandy Clark
44%
1991GoodfellasLorraine Bracco
44%
1977NetworkBeatrice Straight
43%
1990My Left FootBrenda Fricker
43%
1976NashvilleLily Tomlin
43%
1960Pillow TalkThelma Ritter
43%
1951All About EveThelma Ritter
43%
1954Pickup on South StreetThelma Ritter
43%
1952The Mating SeasonThelma Ritter
43%
1953With a Song in My HeartThelma Ritter
43%
1963Birdman of AlcatrazThelma Ritter
43%
2022King RichardAunjanue Ellis
42%
1975Alice Doesn't Live Here AnymoreDiane Ladd
42%
1992Rambling RoseDiane Ladd
42%
1991Wild at HeartDiane Ladd
42%
1954From Here to EternityDonna Reed
42%
2023The WhaleHong Chau
42%
1980ManhattanMariel Hemingway
42%
1988Fatal AttractionAnne Archer
41%
2012The ArtistBérénice Bejo
41%
1964Tom JonesEdith Evans
41%
1965The Chalk GardenEdith Evans
41%
1968Bonnie and ClydeEstelle Parsons
41%
1969Rachel, RachelEstelle Parsons
41%
1949HamletJean Simmons
41%
2004Pieces of AprilPatricia Clarkson
41%
1948CrossfireGloria Grahame
40%
1953The Bad and the BeautifulGloria Grahame
40%
1995Bullets over BroadwayJennifer Tilly
40%
2018Phantom ThreadLesley Manville
40%
1974Paper MoonMadeline Kahn
40%
1975Blazing SaddlesMadeline Kahn
40%
1964The V.I.P.sMargaret Rutherford
40%
1986Agnes of GodMeg Tilly
40%
1950All the King's MenMercedes McCambridge
40%
1957GiantMercedes McCambridge
40%
1994FearlessRosie Perez
40%
1968Thoroughly Modern MillieCarol Channing
39%
1951All About EveCeleste Holm
39%
1950Come to the StableCeleste Holm
39%
1948Gentleman's AgreementCeleste Holm
39%
1981Private BenjaminEileen Brennan
39%
1996Apollo 13Kathleen Quinlan
39%
1997Secrets & LiesMarianne Jean-Baptiste
39%
1999Hilary and JackieRachel Griffiths
39%
2005Hotel RwandaSophie Okonedo
39%
1997The Portrait of a LadyBarbara Hershey
38%
2000Boys Don't CryChloë Sevigny
38%
1970Bob & Carol & Ted & AliceDyan Cannon
38%
1979Heaven Can WaitDyan Cannon
38%
1983TootsieTeri Garr
38%
1972Carnal KnowledgeAnn-Margret
37%
2021Borat Subsequent MoviefilmMaria Bakalova
37%
1942The Great LieMary Astor
37%
1984Cross CreekAlfre Woodard
36%
1965Hush...Hush, Sweet CharlotteAgnes Moorehead
35%
1945Mrs. ParkingtonAgnes Moorehead
35%
1943The Magnificent AmbersonsAgnes Moorehead
35%
1949Johnny BelindaAgnes Moorehead
35%
1962The Children's HourFay Bainter
35%
1939JezebelFay Bainter
35%
1951HarveyJosephine Hull
35%
1971Five Easy PiecesKaren Black
35%
1965Zorba the GreekLila Kedrova
35%
1987The Color of MoneyMary Elizabeth Mastrantonio
35%
1984YentlAmy Irving
34%
1938Dead EndClaire Trevor
34%
1949Key LargoClaire Trevor
34%
1955The High and the MightyClaire Trevor
34%
1973Butterflies Are FreeEileen Heckart
34%
1957The Bad SeedEileen Heckart
34%
1965My Fair LadyGladys Cooper
34%
1943Now, VoyagerGladys Cooper
34%
1944The Song of BernadetteGladys Cooper
34%
1956East of EdenJo Van Fleet
34%
1946National VelvetAnne Revere
33%
1948Gentleman's AgreementAnne Revere
33%
1944The Song of BernadetteAnne Revere
33%
1981Raging BullCathy Moriarty
33%
1982RagtimeElizabeth McGovern
33%
1993Enchanted AprilJoan Plowright
33%
1983Victor/VictoriaLesley Ann Warren
33%
1996GeorgiaMare Winningham
33%
1958SayonaraMiyoshi Umeki
33%
1957Written on the WindDorothy Malone
32%
1990Enemies, A Love StoryLena Olin
32%
1941RebeccaJudith Anderson
31%
1986The Color PurpleMargaret Avery
31%
1976Farewell, My LovelySylvia Miles
31%
1970Midnight CowboySylvia Miles
31%
1988Throw Momma from the TrainAnne Ramsey
30%
1944For Whom the Bell TollsKatina Paxinou
30%
1971M*A*S*HSally Kellerman
30%
1965The Night of the IguanaGrayson Hall
29%
1992The Prince of TidesKate Nelligan
29%
1983FrancesKim Stanley
29%
1982Absence of MaliceMelinda Dillon
29%
1978Close Encounters of the Third KindMelinda Dillon
29%
2007BabelRinko Kikuchi
29%
2004House of Sand and FogShohreh Aghdashloo
29%
2007BabelAdriana Barraza
28%
1970Last SummerCatherine Burns
28%
1958Witness for the ProsecutionElsa Lanchester
28%
1950Come to the StableElsa Lanchester
28%
1950PinkyEthel Waters
28%
1947Anna and the King of SiamGale Sondergaard
28%
1937Anthony AdverseGale Sondergaard
28%
2019RomaMarina de Tavira
28%
1988Gaby: A True StoryNorma Aleandro
28%
1937My Man GodfreyAlice Brady
27%
1938In Old ChicagoAlice Brady
27%
1941The Grapes of WrathJane Darwell
27%
1966OthelloJoyce Redman
26%
1964Tom JonesJoyce Redman
26%
1947Duel in the SunLillian Gish
26%
1970They Shoot Horses, Don't They?Susannah York
26%
1987Crimes of the HeartTess Harper
26%
1978Looking for Mr. GoodbarTuesday Weld
26%
1975Day for NightValentina Cortese
26%
1946Mildred PierceAnn Blyth
25%
1978The Turning PointLeslie Browne
25%
1978The Goodbye GirlQuinn Cummings
25%
1963To Kill a MockingbirdMary Badham
24%
1986Twice in a LifetimeAmy Madigan
23%
1976Once Is Not EnoughBrenda Vaccaro
23%
1946Mildred PierceEve Arden
23%
1947Saratoga TrunkFlora Robson
23%
1985Places in the HeartLindsay Crouse
23%
1951Sunset BoulevardNancy Olson
23%
1957The Bad SeedPatty McCormack
23%
1969The Heart Is a Lonely HunterSondra Locke
23%
1943Random HarvestSusan Peters
23%
1949I Remember MamaBarbara Bel Geddes
22%
1941All This, and Heaven TooBarbara O'Neil
22%
1958Peyton PlaceDiane Varsi
22%
1940Wuthering HeightsGeraldine Fitzgerald
22%
1964Lilies of the FieldLilia Skala
22%
1988The Whales of AugustAnn Sothern
21%
1972The Go-BetweenMargaret Leighton
21%
1961Sons and LoversMary Ure
21%
1968Barefoot in the ParkMildred Natwick
21%
1967AlfieVivien Merchant
21%
1939Merrily We LiveBillie Burke
20%
1981Inside MovesDiana Scarwid
20%
1949I Remember MamaEllen Corby
20%
1960Room at the TopHermione Baddeley
20%
1982Only When I LaughJoan Hackett
20%
1938Night Must FallMay Whitty
20%
1943Mrs. MiniverMay Whitty
20%
1944So Proudly We Hail!Paulette Goddard
20%
1979Coming HomePenelope Milford
20%
1964Tom JonesDiane Cilento
19%
1953Singin' in the RainJean Hagen
19%
1973The Heartbreak KidJeannie Berlin
19%
1948The Egg and IMarjorie Main
19%
1959Auntie MamePeggy Cass
19%
1976NashvilleRonee Blakley
19%
1973Fat CitySusan Tyrrell
19%
1974Summer Wishes, Winter DreamsSylvia Sidney
19%
1940Drums Along the MohawkEdna May Oliver
18%
1951CagedHope Emerson
18%
1952The Blue VeilJoan Blondell
18%
1969Funny GirlKay Medford
18%
1940Love AffairMaria Ouspenskaya
18%
1937DodsworthMaria Ouspenskaya
18%
1938Stella DallasAnne Shirley
17%
1953Moulin RougeColette Marchand
17%
1981ResurrectionEva Le Gallienne
17%
1967HawaiiJocelyne LaGarde
17%
1955Broken LanceKaty Jurado
17%
1962The Roman Spring of Mrs. StoneLotte Lenya
17%
1969FacesLynn Carlin
17%
1942Sergeant YorkMargaret Wycherly
17%
1959Some Came RunningMartha Hyer
17%
1952Death of a SalesmanMildred Dunnock
17%
1957Baby DollMildred Dunnock
17%
1955Executive SuiteNina Foch
17%
1942The Little FoxesPatricia Collinge
17%
1941The Philadelphia StoryRuth Hussey
17%
1939You Can't Take It with YouSpring Byington
17%
1938Stage DoorAndrea Leeds
16%
1937These ThreeBonita Granville
16%
1956The Rose TattooMarisa Pavan
16%
1942How Green Was My ValleySara Allgood
16%
1960Imitation of LifeSusan Kohner
16%
1955The High and the MightyJan Sterling
15%
1941Primrose PathMarjorie Rambeau
15%
1954Torch SongMarjorie Rambeau
15%
1939The Great WaltzMiliza Korjus
15%
1962Summer and SmokeUna Merkel
15%
1945Dragon SeedAline MacMahon
14%
1939Of Human HeartsBeulah Bondi
14%
1937The Gorgeous HussyBeulah Bondi
14%
1946The Corn Is GreenJoan Lorring
14%

Score Distribution

Percentile by Number Answered

Percent of People with Each Score

Your Score History

You have not taken this quiz since the last reset